000 00883cam a2200277Mi 4500
001 50477
005 20230411090003.0
008 060721s2006 sp 000 0 spa d
035 _a(OCoLC)ocm70768562
040 _aPL#
_bspa
_cPL#
020 _a8497425405
020 _a9788497425407
029 0 _aPL#
_b060002003
035 _a(OCoLC)70768562
049 _aGRAL
245 0 0 _aRadriografía de la investigación pública en España /
_cJesús Sebastián, Emilio Muñoz, eds.
260 _aMadrid :
_bBiblioteca Nueva,
_cc2006.
300 _a542 p. :
_bil. ;
_c24 cm.
500 _aIncluye referencias bibliográficas.
653 _aInvestigación científica y desarrollo
_aEspaña
700 1 _aSebastián, Jesús,
_eed.
700 1 _aMuñoz, Emilio,
_d(1937- )
_eed.
938 _aPuvill Libros
_bPUVL
_n8497425405
_c$48.34
942 _2lcc
_cbk
994 _aC0
_bDRFGD
999 _c110454
_d110454